Des ehrwürdigen vatters liborius siniscalchi der gesellschaft jesu priestern marianisches schmertzen buch das ist geistreiche betrachtungen nebst morgen abend mess beicht und communion gebettern (Record no. 8271)

MARC details
000 -CABECERA
campo de control de longitud fija 01133nam a2200289 a 4500
001 - NÚMERO DE CONTROL
campo de control BRCA_8608
005 - FECHA Y HORA DE LA ÚLTIMA TRANSACCIÓN
campo de control 20190320210338.0
008 - DATOS DE LONGITUD FIJA--INFORMACIÓN GENERAL
campo de control de longitud fija 070916s1756----gw-#######---#000-0#ger-#
041 ## - CÓDIGO DE LENGUA
Código de lengua del texto/banda sonora o título independiente ger
044 ## - CÓDIGO DEL PAÍS DE LA ENTIDAD EDITORA/PRODUCTORA
Código MARC del país gw
050 #4 - SIGNATURA TOPOGRÁFICA DE LA BIBLIOTECA DEL CONGRESO
Número de clasificación BT300
Número de documento/Ítem .S56
-- 1756
100 1# - ENTRADA PRINCIPAL--NOMBRE DE PERSONA
Nombre de persona Siniscalchi, Liborius
9 (RLIN) 21516
245 10 - MENCIÓN DE TÍTULO
Título Des ehrwürdigen vatters liborius siniscalchi der gesellschaft jesu priestern marianisches schmertzen buch das ist geistreiche betrachtungen nebst morgen abend mess beicht und communion gebettern
Mención de responsabilidad, etc. Liborius Siniscalchi, Petrum Obladen.
260 ## - PUBLICACIÓN, DISTRIBUCIÓN, ETC.
Lugar de publicación, distribución, etc. Ausgspurg
Nombre del editor, distribuidor, etc. Matthaus Rieger
Fecha de publicación, distribución, etc. 1756
300 ## - DESCRIPCIÓN FÍSICA
Extensión 1 vol. (con varias paginaciones)
Dimensiones 18 cm
500 ## - NOTA GENERAL
Nota general Fondo antiguo
500 ## - NOTA GENERAL
Nota general Se encuentra en Caja Fuerte
500 ## - NOTA GENERAL
Nota general MG-1
500 ## - NOTA GENERAL
Nota general Portada impresa a dos tintas negro y rojo
500 ## - NOTA GENERAL
Nota general Incluye índice
500 ## - NOTA GENERAL
Nota general Nota de encuadernación: piel con cartón, edición de cantos dorados
506 0# - NOTA DE RESTRICCIONES AL ACCESO
Limitaciones de acceso Fondo reservado: para su consulta es necesario credencial de usuario y carta de motivos
650 14 - PUNTO DE ACCESO ADICIONAL DE MATERIA--TÉRMINO DE MATERIA
Término de materia o nombre geográfico como elemento de entrada Jesucrito
Subdivisión de forma Biografía
9 (RLIN) 21517
700 1# - PUNTO DE ACCESO ADICIONAL--NOMBRE DE PERSONA
Nombre de persona Obladen, Petrum
9 (RLIN) 21518
902 ## - CATALOGADOR
Iniciales LAR
942 ## - ELEMENTOS DE PUNTO DE ACCESO ADICIONAL (KOHA)
Fuente del sistema de clasificación o colocación Library of Congress Classification
Tipo de ítem Koha Libros
Holdings
Estado de retiro Estado de pérdida Estado dañado No para préstamo Localización permanente Ubicación/localización actual Fecha de adquisición Número de inventario Total de préstamos Signatura topográfica completa Código de barras Fecha visto por última vez Precio válido a partir de Tipo de ítem Koha
El ejemplar forma parte de la colección y puede ser consultado según las políticas vigentes.       Biblioteca del Museo Franz Mayer (Rogerio Casas-Alatriste) Biblioteca del Museo Franz Mayer (Rogerio Casas-Alatriste) 07/09/2016 MG-1   BT300 .S56 1756 (MG-1) LAR00119 22/03/2019 22/03/2019 Libros